000
00317nam a22001217a 4500
008
181023b xxu||||| |||| 00| 0 eng d
041
_a
eng
080
_2
11ED
_a
341
100
_a
15
101
_a
JUR
245
_a
The Criminal Procedure For The Criminal Justice Profesional
_c
Ferdico.J.N
942
_2
udc
_c
BK
999
_c
50583
_d
50583